ប្រាសាទបន្ទាយឆ្មារ : (Record no. 8702)

MARC details
000 -LEADER
fixed length control field 03882nam a22003137a 4500
001 - CONTROL NUMBER
control field 8702
003 - CONTROL NUMBER IDENTIFIER
control field FISKH
005 - DATE AND TIME OF LATEST TRANSACTION
control field 20251013112346.0
008 - FIXED-LENGTH DATA ELEMENTS--GENERAL INFORMATION
fixed length control field 251013b cb ||||| |||| 00| 0 eng d
020 ## - INTERNATIONAL STANDARD BOOK NUMBER
International Standard Book Number 9789995094171
040 ## - CATALOGING SOURCE
Original cataloging agency FISKH
Language of cataloging khr
Transcribing agency FISKH
Modifying agency FISKH
050 ## - LIBRARY OF CONGRESS CALL NUMBER
Classification number PZ7
082 ## - DEWEY DECIMAL CLASSIFICATION NUMBER
Classification number 722.409596
100 ## - MAIN ENTRY--PERSONAL NAME
Personal name Sotheary, Kimsun
245 ## - TITLE STATEMENT
Title ប្រាសាទបន្ទាយឆ្មារ :
Remainder of title Prasat Banteay Chhamar /
Statement of responsibility, etc. អ្នកស្រី​គឹមស៊ុន សុធារី
260 ## - PUBLICATION, DISTRIBUTION, ETC.
Place of publication, distribution, etc. Phnom Penh :
Name of publisher, distributor, etc. Reading Books ,
Date of publication, distribution, etc. 2008.
300 ## - PHYSICAL DESCRIPTION
Extent 24​ pages :
Other physical details color illustrations ;
Dimensions 25 cm .
490 ## - SERIES STATEMENT
Series statement ពិភពរឿងនិទាន
505 ## - FORMATTED CONTENTS NOTE
Formatted contents note P <br/>
520 ## - SUMMARY, ETC.
Summary, etc. នៅសម័យបុរាណ មានកសិករម្នាក់ឈ្មោះ ឆ្មារ មានភាពឧស្សាហ៍ព្យាយាម និងមានសិល្បៈខាងសង់ប្រាសាទ។ ពេលនោះមានព្រះរាជាស្រីជ្រលងស្រឡាញ់ឆ្មារ ដោយសារតែស្នេហារបស់គាត់ និងជំនាញពិសេសក្នុងការសាងសង់។<br/>ព្រះនាងស្នើឱ្យឆ្មារ សាងសង់ប្រាសាទមួយក្នុងរយៈពេលតែយប់តែមួយ។ ប្រសិនបើគាត់អាចសាងសង់រួចបាន នាងនឹងរៀបការជាមួយគាត់។ ឆ្មារយល់ព្រម ហើយបានប្រើជំនាញ និងជំនួយរបស់វិញ្ញាណឬអារក្ស ដើម្បីសាងសង់ប្រាសាទឆាប់រហ័ស។<br/>ប៉ុន្តែព្រះនាងបាបក្បត់សន្យា ហើយគ្រោងបង្កើតអំពើបន្លំ ដោយធ្វើឱ្យមានសំឡេងឧក្រិដ្ឋដូចជាពន្លឺព្រឹក ដើម្បីឱ្យឆ្មារឈប់សាងសង់។ ក្រោយឆ្មារដឹងថាត្រូវក្បត់ គាត់ខឹងខ្លាំង និងបាត់បង់ជីវិត (ក្នុងខ្លឹមសារខ្លះមាននិយាយថា ឆ្មារបានប្រទះវិបត្តិ ឬប្រព្រឹត្ដអត្តឃាត)។<br/>ប្រាសាទនោះក៏ត្រូវបានគេហៅថា ប្រាសាទបន្ទាយឆ្មារ ដើម្បីរំលឹកដល់ឈ្មោះរបស់គាត់។
520 ## - SUMMARY, ETC.
Summary, etc. In ancient times, there was a farmer named Chhma who was hardworking and skilled in temple construction. At that time, a princess fell in love with Chhma because of his dedication and special talent in building.<br/>The princess challenged Chhma to build a temple within a single night. If he succeeded, she would marry him. Chhma agreed and used his skills — along with the help of spirits or supernatural beings — to construct the temple rapidly.<br/><br/>However, the princess betrayed her promise and devised a trick to create the illusion of dawn by making loud noises and simulating morning light, causing Chhma to stop building. When Chhma discovered he had been deceived, he was filled with rage and lost his life (some versions say he faced misfortune or committed suicide).<br/>The temple was later named Banteay Chhmar ("Chhma's Citadel") to commemorate his name.
521 8# - TARGET AUDIENCE NOTE
Target audience note 660 <br/>
Source Lexile estimate<br/>
521 8# - TARGET AUDIENCE NOTE
Target audience note P <br/>
Source Raz-Plus <br/>
650 ## - SUBJECT ADDED ENTRY--TOPICAL TERM
Topical term or geographic name entry element ប្រាសាទបន្ទាយឆ្មារ
650 ## - SUBJECT ADDED ENTRY--TOPICAL TERM
Topical term or geographic name entry element Prasat Banteay Chhamar
700 ## - ADDED ENTRY--PERSONAL NAME
Personal name San, Thai
Relator term Illustrator
942 ## - ADDED ENTRY ELEMENTS (KOHA)
Source of classification or shelving scheme Dewey Decimal Classification
Koha item type Khmer Books
Suppress in OPAC No
Holdings
Withdrawn status Lost status Source of classification or shelving scheme Damaged status Not for loan Home library Current library Shelving location Date acquired Total Checkouts Full call number Barcode Date last seen Copy number Price effective from Koha item type
    Dewey Decimal Classification     Footprints International School Library Network Toul Tom Poung Campus Footprints International School Library Network Toul Tom Poung Campus TTP Primary Khmer Bookshelves 10/13/2025   SOT PZ7 722.409596 FIS04072 10/13/2025 1 10/13/2025 Khmer Books
    Dewey Decimal Classification     Footprints International School Library Network Toul Tom Poung Campus Footprints International School Library Network Toul Tom Poung Campus TTP Primary Khmer Bookshelves 11/11/2025   SOT PZ7 722.409596 FIS04348 11/11/2025 2 11/11/2025 Khmer Books